000 00968nam a22002297a 4500
999 _c18323
_d18323
003 AR-CdUCM
008 190513b ||||| |||| 00| 0 spa d
040 _aMUNICIPALIDAD PROVINCIAL DEL CUSCO
_cBIBLIOTECA MUNICIPAL DEL CUSCO
082 _a332.4985 /
_bH55
100 _aHernández de Agüero, Fernando,
_938840
245 _aPresente y futuro de la moneda peruana :
_bcon un breve ensayo sobre el control de precios en el Perú /
260 _aLima :
_bLibrería Internacional del Perú,
_c1948.
300 _a175 paginas ;
_c21 cm.
505 _aContenido : Definición de la moneda -- Funciones y factores determinantes del valor de la moneda -- La cantidad de moneda necesaria a una economía -- Hay inflación en el Perú -- El valor real del sol ...
650 _aMoneda
_95487
650 _aEl sol
_935112
650 _aPerú
_935
650 _aPrecios
_95669
650 _aControl monetario
_938841
942 _2ddc
_cLIBROS
945 _awnts
_d2019-05-13